| 000 | 00692 a2200181 4500 | ||
|---|---|---|---|
| 003 | Nust | ||
| 005 | 20170207153518.0 | ||
| 040 | _cNust | ||
| 082 | _a005.1 | ||
| 100 | _aZia, Muhammad Tassadaque (MSCS-13) | ||
| 245 |
_aQoS based medium access switching protocol for heterogeneous mobile ad hoc networks and interfaces _cMuhammad Tassadaque Zia |
||
| 260 |
_bMCS,NUST _cMarch 2010 _aRawalpindi |
||
| 300 | _ax, 43, p; | ||
| 505 | _aIntroduction (page-1) Background and related work (page-4) Methodology (page-14) Experimental setup (page-25) Tests and results (page-31) Conclusions and future work (page-38) | ||
| 538 | _aAlmirah No 69 Shelf No 4 | ||
| 650 | _aPG Thesis | ||
| 651 | _aMSCS-13 | ||
| 942 | _cTHS | ||
| 999 |
_c187601 _d187601 |
||